Un reto para el actor /

En este texto, fruto de más de cuarenta años dedicados a la formación de actores, Uta Hagen define los objetivos que debe perseguir un actor y proporciona las técnicas específicas para lograrlos. Ofrece un sinnúmero de ayudas prácticas que han hecho de ella una de las pedagogas más influyentes de Es...

Full description

Bibliographic Details
Main Author: Hagen, Uta 1919-2004
Format: Libro
Language:Spanish
Published: Barcelona Alba 2006
Edition:2a. ed.
Series:Artes escénicas
Subjects:
Online Access:

MARC

LEADER 00000cam a2200000 a 4500
001 020235
003 UAHC_CL
005 20170803121844.0
008 090116s2006 sp 000 spa
020 |a 8484281302 
040 |a UAHC_CL  |c UAHC_CL  |d UAHC_CL 
082 0 4 |a 792.028  |b H143  |2 21 
100 1 |a Hagen, Uta  |d 1919-2004 
245 1 3 |a Un reto para el actor /  |c Uta Hagen ; [traducción Elena Vilallonga]. 
250 |a 2a. ed. 
260 |b Alba  |a Barcelona  |c 2006 
300 |a 428 p. 
490 0 |a Artes escénicas 
520 |a En este texto, fruto de más de cuarenta años dedicados a la formación de actores, Uta Hagen define los objetivos que debe perseguir un actor y proporciona las técnicas específicas para lograrlos. Ofrece un sinnúmero de ayudas prácticas que han hecho de ella una de las pedagogas más influyentes de Estados Unidos, con alumnos tan destacados como Geraldine Page y Jack Lemmon, y de "Un reto para el actor" un bestseller en lo que a aprendizaje teatral se refiere. 
650 4 |a ACTUACION TEATRAL  |x ENSEÑANZA 
653 |a ACTUACION TEATRAL 
900 |a 792.028 HAG 
942 |c BK 
952 |0 0  |1 0  |4 0  |6 792_028000000000000_HAG  |7 0  |8 General  |9 40606  |a BS  |b BS  |c General  |d 2017-08-03  |l 0  |o 792.028 HAG  |p 1368130  |r 2017-08-03 00:00:00  |t 1  |w 2017-08-03  |y BK 
999 |c 20235  |d 20235